000 01671nam a22003975a 4500
003 EG-ScBUE
005 20211025132933.0
008 170427s1998 ua a f b 000 0 ara d
017 _a97 / 14164
020 _a9775868017
040 _aEG-ScBUE
_bara
_erda
_cEG-ScBUE
_dEG-ScBUE
082 0 4 _a909.829
_bهـ ن ت
_222
100 1 _aهنتنجتون، صامويل،
_eمؤلف.
240 1 0 _aClash of civilizations and the remaking of world order.
_lArabic
245 1 0 _aصدام الحضارات :
_bإعادة صنع النظام العالمي /
_cتأليف صامويل هنتنجتون ؛ ترجمة طلعت الشايب ؛ تقديم د. صلاح قنصوه.
246 3 0 _aإعادة صنع النظام العالمي
250 _aالطبعة الثانية.
264 1 _aالقاهرة :
_bمكتب سطور الجديدة،
_c1998.
300 _a551 صفحة :
_bإيضاحيات ؛
_c24 سم.
336 _2rdacontent
_aنص
_btxt
337 _2rdamedia
_aبدون وسيط
_bn
338 _2rdacarrier
_aمجلد
_bnc
490 0 _aكتاب سطور ؛
_v2
504 _aيشتمل على إرجاعات ببليوجرافية.
541 _cإهداء ؛
_aأ. محمد فريد خميس
546 _aالنص باللغة العربية وتم ترجمته من اللغة الإنجليزية.
650 7 _aالصراع الثقافي.
_2BUEsh
650 7 _aالحضارة.
_2BUEsh
650 7 _aالمستقبلية.
_2BUEsh
651 _2BUEsh
653 _bGGEN
_bGGEN
_cApril2017
655 _vReading book
_934232
700 1 _aشايب، طلعت،
_eمترجم.
700 1 _aقنصوه، صلاح،
_eمقدم.
942 _2ddc
999 _c24739
_d24711